|
|
|
|
| LEADER |
00000cam a2200000 a 4500 |
| 001 |
1/117607 |
| 008 |
181127s2001####gr | ||| |||| ||gre|| |
| 020 |
|
|
|a 009602792604
|
| 040 |
|
|
|a GR-MyUa
|b gre
|c GR-MyUa
|e AACR2
|
| 041 |
0 |
|
|a gre
|
| 082 |
7 |
|
|a 808.899282
|2 (23)
|
| 100 |
1 |
|
|a Πατεράκη, Γιολάντα,
|d 1934-
|
| 245 |
1 |
3 |
|a Το ανθρωπάκι μου :
|b ο μικρός αδερφός /
|c Γιολάντα Πατεράκη ; εικόνες: Σοφία Ζαραμπούκα.
|
| 250 |
|
|
|a 6η έκδ.
|
| 260 |
|
|
|a Αθήνα :
|b Δωρικός,
|c 2001.
|
| 300 |
|
|
|a 205 σ. :
|b εικ. ;
|c 21 εκ.
|
| 500 |
|
|
|a Βραβείο γυναικείας λογοτεχνικής συντροφιάς.
|
| 650 |
|
0 |
|a Young adult fiction.
|
| 650 |
|
0 |
|a Children's literature, Greek (Modern)
|
| 650 |
|
0 |
|a Children
|x Books and reading
|z Greece.
|
| 700 |
1 |
|
|a Ζαραμπούκα, Σοφία,
|d 1939-
|e ill
|
| 852 |
|
|
|a INST
|b RHODES
|e 20181127
|h 808.899282 ΠΑΤ
|p 005400040337
|q 005400040337
|t BK
|y 0
|
| 970 |
|
|
|a Μαρία
|b Κωτάκου
|z 27-11-2018
|